Statistics for "Q/R" Cities in the United States

Click here to take the quiz!

General Stats

  • This quiz has been taken 44 times
  • The average score is 10 of 18

Answer Stats

StatePopulationAnswer% Correct
Nevada264,165Reno
95%
North Carolina467,665Raleigh
93%
Virginia226,610Richmond
85%
California116,448Richmond
85%
Minnesota121,395Rochester
80%
New York211,328Rochester
80%
Virginia100,011Roanoke
66%
California314,998Riverside
59%
Illinois148,655Rockford
59%
Massachusetts101,636Quincy
51%
New Mexico104,046Rio Rancho
46%
Texas119,468Round Rock
39%
Texas119,469Richardson
37%
California104,026Rialto
34%
Washington106,785Renton
32%
California147,773Roseville
32%
California174,453Rancho Cucamonga
22%
Florida107,396Riverview
10%

Score Distribution

Percentile by Number Answered

Percent of People with Each Score

Your Score History

You have not taken this quiz